[Event "22nd EUR-ch (w)"]
[Site "Prague CZE"]
[Date "2022.08.22"]
[Round "3.30"]
[White "Pipiras, Filipa Fortuna"]
[Black "Sandu, Mihaela"]
[Result "1/2-1/2"]
[WhiteElo "2135"]
[BlackElo "2297"]
[EventDate "2022.08.20"]
[PlyCount "81"]

1.d4 Nf6 2.c4 e6 3.Nc3 Bb4 4.Qc2 d5 5.a3 Bxc3+ 6.Qxc3 O-O 7.Bg5 h6 8.Bxf6 
Qxf6 9.e3 dxc4 10.Bxc4 c5 11.Nf3 Nc6 12.O-O Bd7 13.Rfd1 Rfd8 14.Rac1 cxd4 
15.exd4 Rac8 16.d5 Qxc3 17.Rxc3 Na5 18.dxe6 Bxe6 19.Rxd8+ Rxd8 20.Be2 Nc4 
21.Bxc4 Bxc4 22.h3 Rd1+ 23.Kh2 Bd5 24.Kg3 f6 25.Kf4 Bc6 26.Ke3 Kf7 27.g3 
Rd7 28.h4 Re7+ 29.Kd2 g5 30.Nd4 Bd7 31.Rc7 Bh3 32.Rxe7+ Kxe7 33.Ke3 Kd6 
34.Ke4 h5 35.f3 a6 36.b4 Bg2 37.Nf5+ Ke6 38.Nd4+ Kd6 39.Nf5+ Ke6 40.Nd4+ 
Kd6 41.Nf5+ 1/2-1/2

[Event "22nd EUR-ch (w)"]
[Site "Prague CZE"]
[Date "2022.08.22"]
[Round "3.31"]
[White "Babiy, Olga"]
[Black "Dwilewicz, Katarzyna"]
[Result "1-0"]
[WhiteElo "2296"]
[BlackElo "2131"]
[EventDate "2022.08.20"]
[PlyCount "89"]

1.d4 Nf6 2.Nf3 e6 3.Bg5 h6 4.Bh4 d6 5.Nbd2 g5 6.Bg3 Nh5 7.e4 Bg7 8.c3 Qe7 
9.Bd3 Nc6 10.Qe2 Bd7 11.O-O Nxg3 12.fxg3 a5 13.Nc4 O-O 14.e5 d5 15.Ne3 f5 
16.exf6 Bxf6 17.Ng4 Qg7 18.Bb5 Kh8 19.Rae1 Rae8 20.Qd3 Re7 21.Nfe5 Bxe5 
22.Rxf8+ Qxf8 23.Bxc6 Bxc6 24.Nxe5 Be8 25.Rf1 Qg7 26.Qe2 Kh7 27.b3 b6 28.
b4 axb4 29.cxb4 Bg6 30.a4 Be4 31.Qb5 h5 32.a5 bxa5 33.bxa5 Kh6 34.Qc6 Qh8 
35.a6 Qb8 36.Qb7 Re8 37.Nc6 Qa8 38.Rf6+ Kg7 39.Rf2 Qc8 40.Qxc8 Rxc8 41.a7 
Ra8 42.Rb2 e5 43.Rb8 exd4 44.Rxa8 d3 45.Rg8+ 1-0

[Event "22nd EUR-ch (w)"]
[Site "Prague CZE"]
[Date "2022.08.22"]
[Round "3.32"]
[White "Huda, Maryana"]
[Black "Belenkaya, Dina"]
[Result "0-1"]
[WhiteElo "2128"]
[BlackElo "2293"]
[EventDate "2022.08.20"]
[PlyCount "72"]

1.e4 c6 2.Nf3 d5 3.d3 dxe4 4.dxe4 Qxd1+ 5.Kxd1 Nf6 6.Nfd2 g5 7.f3 g4 8.f4 
h5 9.Bd3 Bh6 10.Rf1 Na6 11.Bxa6 bxa6 12.c4 Nd7 13.Nb3 Nb6 14.Na5 Be6 15.
Nd2 Bg7 16.Kc2 c5 17.Rb1 O-O-O 18.b3 Kc7 19.Ba3 Bd4 20.f5 Bc8 21.e5 h4 22.
f6 Rh5 23.fxe7 Re8 24.b4 Rxe5 25.bxc5 Bxc5 26.Bxc5 Rxc5 27.Ndb3 Re5 28.Kc3
R8xe7 29.Kb4 Re2 30.Nd4 Rxa2 31.Ndc6 Ra4+ 32.Kc5 Re4 33.Rxf7+ Bd7 34.Rb4 
Ra2 35.Rb1 Rc2 36.Ne7 Rcxc4+ 0-1

[Event "22nd EUR-ch (w)"]
[Site "Prague CZE"]
[Date "2022.08.22"]
[Round "3.33"]
[White "Schloffer, Jasmin-Denise"]
[Black "Papp, Sarah"]
[Result "0-1"]
[WhiteElo "2127"]
[BlackElo "2290"]
[EventDate "2022.08.20"]
[PlyCount "72"]

1.d4 Nf6 2.c4 e6 3.Nc3 Bb4 4.e3 O-O 5.Ne2 c6 6.a3 Ba5 7.b4 Bc7 8.c5 d5 9.
cxd6 Qxd6 10.Bb2 Qe7 11.g3 e5 12.dxe5 Bxe5 13.Qc2 a5 14.bxa5 Rxa5 15.Bg2 
h5 16.O-O h4 17.Nf4 hxg3 18.hxg3 Bg4 19.Na4 Nbd7 20.Bc3 Bxc3 21.Nxc3 Rxa3 
22.Rxa3 Qxa3 23.f3 Be6 24.Nxe6 fxe6 25.Bh3 Kf7 26.Rb1 b5 27.Nd1 Qd6 28.Kg2
Ra8 29.Nf2 Ra3 30.e4 Nh5 31.e5 Nxe5 32.Rd1 Qb4 33.Qe2 Qf4 34.Qc2 Qxf3+ 35.
Kg1 Qxg3+ 36.Kf1 Nf4 0-1

[Event "22nd EUR-ch (w)"]
[Site "Prague CZE"]
[Date "2022.08.22"]
[Round "3.34"]
[White "Radeva, Viktoria"]
[Black "Hrebenshchykova, Yelyzaveta"]
[Result "1-0"]
[WhiteElo "2289"]
[BlackElo "2123"]
[EventDate "2022.08.20"]
[PlyCount "77"]

1.e4 e5 2.Nf3 Nc6 3.Bc4 Nf6 4.d3 Be7 5.a4 O-O 6.O-O d6 7.c3 Be6 8.Bxe6 
fxe6 9.b4 a6 10.Nbd2 Qd7 11.Re1 b5 12.axb5 axb5 13.Rxa8 Rxa8 14.Qb3 h6 15.
Bb2 Bf8 16.Nf1 Nh5 17.Bc1 Nf4 18.Bxf4 exf4 19.d4 Ne7 20.N1d2 c6 21.h3 g5 
22.d5 exd5 23.exd5 Nxd5 24.Nd4 Bg7 25.Nxb5 Rb8 26.c4 Ne7 27.Nc3 Nf5 28.Nf3
Qf7 29.Ne4 Re8 30.Qd3 Be5 31.c5 d5 32.Ned2 Qf6 33.b5 Ng7 34.bxc6 d4 35.
Qb3+ Kf8 36.Nxe5 Rxe5 37.Qb8+ Re8 38.Rxe8+ Nxe8 39.c7 1-0

[Event "22nd EUR-ch (w)"]
[Site "Prague CZE"]
[Date "2022.08.22"]
[Round "3.35"]
[White "Mkrtchian, Mariam"]
[Black "Lhotska, Anna"]
[Result "1-0"]
[WhiteElo "2285"]
[BlackElo "2081"]
[EventDate "2022.08.20"]
[PlyCount "81"]

1.d4 Nf6 2.c4 c5 3.d5 e6 4.Nc3 exd5 5.cxd5 d6 6.Nf3 g6 7.Nd2 Nbd7 8.e4 Bg7
9.Be2 O-O 10.O-O Re8 11.a4 a6 12.h3 Qc7 13.Ra3 g5 14.f4 gxf4 15.Rxf4 Ne5 
16.Qf1 Qe7 17.Rf2 Rb8 18.Nd1 Ng6 19.Raf3 Nxe4 20.Nxe4 f5 21.Nec3 f4 22.
Bxf4 Nxf4 23.Rxf4 Bd4 24.Ne4 Kh8 25.Bd3 c4 26.Bc2 Bd7 27.Nf6 Bxf2+ 28.Qxf2
Qe1+ 29.Qxe1 Rxe1+ 30.Kf2 Re7 31.Nxd7 Rxd7 32.Rxc4 Rf8+ 33.Ke2 Re7+ 34.Re4
Rc7 35.Ne3 Rcf7 36.Re6 Rf2+ 37.Kd3 Rg8 38.Rxd6 Rg3 39.Re6 Kg7 40.d6 Kf7 
41.d7 1-0

[Event "22nd EUR-ch (w)"]
[Site "Prague CZE"]
[Date "2022.08.22"]
[Round "3.36"]
[White "Sankova, Stella"]
[Black "Sieber, Fiona"]
[Result "0-1"]
[WhiteElo "2067"]
[BlackElo "2280"]
[EventDate "2022.08.20"]
[PlyCount "86"]

1.e4 e5 2.Nf3 Nc6 3.Bc4 Nf6 4.d3 h6 5.h3 d6 6.c3 g6 7.O-O Bg7 8.Bb3 O-O 9.
Re1 Re8 10.Nbd2 a5 11.a4 Be6 12.Bc2 d5 13.Qe2 Qe7 14.Nf1 Rad8 15.g4 h5 16.
Bg5 hxg4 17.hxg4 dxe4 18.dxe4 Bxg4 19.Ne3 Qe6 20.Nxg4 Qxg4+ 21.Kh2 Bh6 22.
Bxh6 Qh5+ 23.Kg2 Qxh6 24.Rh1 Nh5 25.Qc4 Qf4 26.Rh4 Qf6 27.Rah1 Rd6 28.Rg4 
Nf4+ 29.Kg3 Nd8 30.Qxc7 Ne2+ 31.Kg2 Ne6 32.Qxa5 N6f4+ 33.Kf1 Nc1 34.Rgh4 
Nh5 35.Qb5 Red8 36.Kg2 Nf4+ 37.Kf1 Nh5 38.Kg2 Nd3 39.Bxd3 Rxd3 40.Ne1 Qg5+
41.Kf1 Rd2 42.Qb6 R8d6 43.Qc5 Ng3+ 0-1

[Event "22nd EUR-ch (w)"]
[Site "Prague CZE"]
[Date "2022.08.22"]
[Round "3.37"]
[White "Antova, Gabriela"]
[Black "Hnatyshyn, Anastasiia"]
[Result "1/2-1/2"]
[WhiteElo "2269"]
[BlackElo "2061"]
[EventDate "2022.08.20"]
[PlyCount "72"]

1.Nf3 d5 2.e3 Nf6 3.b3 e6 4.Bb2 Be7 5.c4 O-O 6.g3 dxc4 7.bxc4 c5 8.Bg2 Nc6
9.O-O Qc7 10.Qe2 Rd8 11.Nc3 a6 12.d3 Rb8 13.a4 b6 14.Rad1 Bb7 15.Ne1 Rd7 
16.f4 Rbd8 17.g4 Ne8 18.Ne4 Nd6 19.Nxd6 Rxd6 20.g5 Qd7 21.Qh5 Na5 22.Bxb7 
Nxc4 23.Rf3 Nxb2 24.Rh3 Bxg5 25.fxg5 Nxd1 26.Bg2 Qxa4 27.Qxh7+ Kf8 28.Qh8+
Ke7 29.Qxg7 Rf8 30.Qf6+ Ke8 31.g6 fxg6 32.Qxg6+ Kd8 33.Qg5+ Ke8 34.Qg6+ 
Kd8 35.Qg5+ Ke8 36.Qg6+ Kd8 1/2-1/2

[Event "22nd EUR-ch (w)"]
[Site "Prague CZE"]
[Date "2022.08.22"]
[Round "3.38"]
[White "Gueci, Tea"]
[Black "Grineva, Marianna"]
[Result "1/2-1/2"]
[WhiteElo "2254"]
[BlackElo "2006"]
[EventDate "2022.08.20"]
[PlyCount "94"]

1.c4 e5 2.g3 d6 3.Nc3 Nc6 4.Nf3 f5 5.d4 e4 6.d5 exf3 7.dxc6 bxc6 8.exf3 
Be6 9.Qa4 Qd7 10.Bg2 d5 11.f4 Nf6 12.O-O Ne4 13.Be3 Rb8 14.Nxe4 fxe4 15.
cxd5 cxd5 16.Qxa7 Rxb2 17.Rab1 Rxb1 18.Rxb1 Be7 19.Rb8+ Bd8 20.Bc5 Kf7 21.
Bf1 Bh3 22.Be2 Kg6 23.Qa8 c6 24.Bb6 Bxb6 25.Rxh8 Kh6 26.Qe8 Bxf2+ 27.Kh1 
Qxe8 28.Rxe8 Kg6 29.g4 Kf7 30.Re5 g6 31.f5 Bd4 32.Re6 gxf5 33.gxf5 Bxf5 
34.Rxc6 Ke7 35.Kg2 Bd7 36.Rh6 Bf5 37.a4 Be3 38.Rc6 Bd7 39.Rc3 d4 40.Rc4 
Kd6 41.a5 Bb5 42.Rxd4+ Bxd4 43.Bxb5 Ke5 44.Kf1 Kf4 45.Ke2 Bg1 46.a6 Ba7 
47.Bd7 h5 1/2-1/2

[Event "22nd EUR-ch (w)"]
[Site "Prague CZE"]
[Date "2022.08.22"]
[Round "3.39"]
[White "Gajcin, Marina"]
[Black "Folkova, Martina"]
[Result "1-0"]
[WhiteElo "2244"]
[BlackElo "1991"]
[EventDate "2022.08.20"]
[PlyCount "101"]

1.e4 e5 2.Nf3 Nc6 3.Bb5 Nge7 4.Nc3 Ng6 5.d4 exd4 6.Nxd4 Nxd4 7.Qxd4 c6 8.
Be2 Qb6 9.Qd1 Be7 10.O-O O-O 11.Kh1 d6 12.f4 f5 13.Bd3 fxe4 14.Nxe4 d5 15.
Ng3 Bd7 16.Bd2 Qc7 17.Qh5 Rf7 18.Rae1 Bf6 19.c3 Re8 20.Bxg6 hxg6 21.Qxg6 
Rfe7 22.Nh5 Qd6 23.Nxg7 Rxg7 24.Rxe8+ Bxe8 25.Qxe8+ Qf8 26.Qxf8+ Kxf8 27.
h3 Rd7 28.Be3 b6 29.g4 c5 30.Kg2 d4 31.cxd4 cxd4 32.Rd1 Ke8 33.Bf2 d3 34.
b3 d2 35.Be3 Bc3 36.Kf2 Bb4 37.Ke2 Re7 38.Kf3 Rd7 39.h4 b5 40.h5 a5 41.g5 
Kf7 42.a4 bxa4 43.bxa4 Ke6 44.Ke4 Bc3 45.f5+ Kf7 46.h6 Rd8 47.g6+ Kf6 48.
Rg1 Re8+ 49.Kd3 Bb4 50.h7 Kxf5 51.g7 1-0

[Event "22nd EUR-ch (w)"]
[Site "Prague CZE"]
[Date "2022.08.22"]
[Round "3.40"]
[White "Marcinczyk, Monika"]
[Black "Calzetta Ruiz, Monica"]
[Result "0-1"]
[WhiteElo "1934"]
[BlackElo "2230"]
[EventDate "2022.08.20"]
[PlyCount "139"]

1.e4 c5 2.Nf3 Nc6 3.d4 cxd4 4.Nxd4 Nf6 5.Nc3 d6 6.Bg5 g6 7.Bxf6 exf6 8.Bb5
Bd7 9.Qd3 Bg7 10.O-O-O O-O 11.Nxc6 bxc6 12.Qxd6 cxb5 13.Qxd7 Qb6 14.f3 f5 
15.Nd5 Qa5 16.Kb1 fxe4 17.fxe4 Rae8 18.Rhe1 Qa4 19.Qb7 Kh8 20.b3 Qa3 21.c3
Rb8 22.Qd7 b4 23.Qe7 Rfe8 24.Qc5 a5 25.Rd3 a4 26.Nxb4 axb3 27.Re2 Bh6 28.
Qd4+ Kg8 29.Rd1 Bg7 30.e5 bxa2+ 31.Rxa2 Qb3+ 32.Rb2 Qe6 33.Qd5 Qf5+ 34.Nd3
Bxe5 35.Rxb8 Rxb8+ 36.Kc1 Bf4+ 37.Nxf4 Qxf4+ 38.Qd2 Qxh2 39.Qd6 Qh6+ 40.
Kc2 Re8 41.Rd2 Qe3 42.c4 h5 43.Qf6 Qa3 44.Qb2 Qa7 45.Qb5 Rb8 46.Qd5 Qa2+ 
47.Kd3 Qb1+ 48.Kd4 Qg1+ 49.Kc3 Qc1+ 50.Kd3 Qb1+ 51.Kd4 Re8 52.c5 Qc1 53.
Rd3 Qb2+ 54.Kc4 Rb8 55.Rc3 Qa2+ 56.Kd4 Qf2+ 57.Kc4 Qa2+ 58.Kd4 Rb4+ 59.Ke5
Qe2+ 60.Kd6 Rb8 61.Kc7 Qe8 62.c6 Qc8+ 63.Kd6 Qd8+ 64.Ke5 Qe7+ 65.Kd4 Rd8 
66.c7 Rxd5+ 67.Kxd5 Qd7+ 68.Ke4 f5+ 69.Ke3 Qc8 70.Kd4 0-1

[Event "22nd EUR-ch (w)"]
[Site "Prague CZE"]
[Date "2022.08.22"]
[Round "3.41"]
[White "Dvorakova, Olga"]
[Black "Gevorgian, Maria"]
[Result "0-1"]
[WhiteElo "1921"]
[BlackElo "2216"]
[EventDate "2022.08.20"]
[PlyCount "74"]

1.d4 Nf6 2.c4 c5 3.d5 e6 4.Nc3 exd5 5.cxd5 d6 6.e4 g6 7.h3 Bg7 8.Nf3 O-O 
9.Bg5 Re8 10.Bd3 c4 11.Bc2 b5 12.a3 a6 13.O-O Nbd7 14.Re1 Ne5 15.Nd4 h6 
16.Bf4 Nh5 17.Bh2 Qb6 18.Nf3 Ra7 19.Qe2 Rae7 20.Qe3 Nxf3+ 21.Qxf3 f5 22.
Qe3 Bd4 23.Qd2 f4 24.Red1 Be5 25.Kh1 Rf7 26.Re1 f3 27.Bxe5 fxg2+ 28.Kg1 
Rxe5 29.Qe3 Qd8 30.Ne2 Qh4 31.f4 Nxf4 32.Nxf4 Rxf4 33.Re2 Bxh3 34.Rf2 Rxf2
35.Qxf2 Qh5 36.Bd1 Bg4 37.Bxg4 Qh1# 0-1

[Event "22nd EUR-ch (w)"]
[Site "Prague CZE"]
[Date "2022.08.22"]
[Round "3.42"]
[White "Markova, Karolina"]
[Black "Richtrova, Eliska"]
[Result "0-1"]
[WhiteElo "1635"]
[BlackElo "2204"]
[EventDate "2022.08.20"]
[PlyCount "84"]

1.d4 d6 2.e4 Nf6 3.Nc3 c6 4.Be3 Qa5 5.Qd2 e5 6.Bd3 Ng4 7.Nf3 Be7 8.O-O Qc7
9.h3 Nf6 10.Nh2 O-O 11.f4 Nbd7 12.Rf2 b5 13.Raf1 exd4 14.Bxd4 b4 15.Ne2 c5
16.Bxf6 Nxf6 17.c4 Bb7 18.Ng3 Rae8 19.Re2 Nd7 20.Bb1 Nb8 21.Nf5 Nc6 22.Rd1
g6 23.Nxe7+ Qxe7 24.Nf3 Rd8 25.Qe1 a5 26.Qg3 a4 27.b3 Na5 28.Bc2 d5 29.
cxd5 Bxd5 30.Red2 axb3 31.axb3 Bxb3 32.Bxb3 Nxb3 33.Rxd8 Rxd8 34.Rxd8+ 
Qxd8 35.Ne5 Qd4+ 36.Kh2 Nd2 37.Qg4 Kg7 38.Qe2 b3 39.Nc6 Qe3 40.Qb5 Qxf4+ 
41.Kh1 Qf1+ 42.Qxf1 Nxf1 0-1

[Event "22nd EUR-ch (w)"]
[Site "Prague CZE"]
[Date "2022.08.22"]
[Round "3.43"]
[White "Soares, Sara Joana de Moura pe"]
[Black "Melia, Salome"]
[Result "0-1"]
[WhiteElo "1648"]
[BlackElo "2384"]
[EventDate "2022.08.20"]
[PlyCount "96"]

1.d4 Nf6 2.c4 e6 3.Nc3 Bb4 4.e3 O-O 5.Bd3 d5 6.cxd5 exd5 7.Ne2 Re8 8.O-O 
Bd6 9.f3 c5 10.dxc5 Bxc5 11.Kh1 Bxe3 12.Bxe3 Rxe3 13.Be4 Nc6 14.Nxd5 Nxd5 
15.Bxd5 Be6 16.Bxc6 bxc6 17.Qc2 Qf6 18.Rfe1 h5 19.Nc3 Rxe1+ 20.Rxe1 h4 21.
h3 Rb8 22.b3 Rd8 23.Rd1 Rxd1+ 24.Nxd1 Qd4 25.Nc3 c5 26.Nb5 Qa1+ 27.Kh2 
Qe5+ 28.Kh1 Qe1+ 29.Kh2 a6 30.Na3 Qe5+ 31.Kh1 g5 32.Nc4 Qe1+ 33.Kh2 Kg7 
34.Qb2+ f6 35.Qc2 a5 36.Qd2 Qg3+ 37.Kh1 a4 38.Qc2 Qf4 39.Na3 Qe3 40.Nc4 
Qd4 41.Kh2 f5 42.Qc1 Qf4+ 43.Qxf4 gxf4 44.Nb2 Bxb3 45.axb3 a3 46.Nd3 a2 
47.Nxc5 a1=Q 48.Ne6+ Kf6 0-1

[Event "22nd EUR-ch (w)"]
[Site "Prague CZE"]
[Date "2022.08.22"]
[Round "3.44"]
[White "Vega Gutierrez, Sabrina"]
[Black "Nilssen, Ellen Fredericia"]
[Result "0-1"]
[WhiteElo "2366"]
[BlackElo "2139"]
[EventDate "2022.08.20"]
[PlyCount "68"]

1.e4 e6 2.d4 d5 3.e5 c5 4.c3 Nc6 5.Nf3 Bd7 6.Be2 f6 7.O-O Qc7 8.Re1 Be7 9.
Na3 a6 10.Bf4 g5 11.exf6 Qxf4 12.fxe7 Ngxe7 13.g3 Qf6 14.Qd2 g4 15.Ne5 
Nxe5 16.dxe5 Qg7 17.Qe3 h5 18.Qxc5 h4 19.Bf1 Qh7 20.Bg2 Nf5 21.c4 hxg3 22.
hxg3 Rc8 23.Qb4 Qh2+ 24.Kf1 Rf8 25.Qxf8+ Kxf8 26.cxd5 Kg7 27.Re4 Nxg3+ 28.
fxg3 Rf8+ 29.Rf4 Rxf4+ 30.gxf4 Qxf4+ 31.Kg1 Qxe5 32.Rd1 Qe2 33.Rb1 exd5 
34.Bxd5 g3 0-1

[Event "22nd EUR-ch (w)"]
[Site "Prague CZE"]
[Date "2022.08.22"]
[Round "3.45"]
[White "Balajayeva, Khanim"]
[Black "Tsirulnik, Maritsa"]
[Result "1-0"]
[WhiteElo "2344"]
[BlackElo "2089"]
[EventDate "2022.08.20"]
[PlyCount "69"]

1.e4 c5 2.Nf3 d6 3.d4 cxd4 4.Nxd4 Nc6 5.Nc3 e6 6.Be3 Nf6 7.f3 h5 8.Qd2 a6 
9.O-O-O Qc7 10.Kb1 Bd7 11.h3 Nxd4 12.Qxd4 b5 13.Rg1 Rb8 14.g4 hxg4 15.hxg4
b4 16.Ne2 e5 17.Qd2 Be6 18.g5 Nd7 19.f4 g6 20.f5 gxf5 21.exf5 Bxf5 22.Ng3 
Bg6 23.Bd3 Rg8 24.Rgf1 Rg7 25.Rf2 Be7 26.Rdf1 Qc6 27.Qe2 Nf8 28.Nh5 Rh7 
29.Nf6+ Bxf6 30.Rxf6 Rc8 31.Bd2 b3 32.axb3 Rh1 33.Rxh1 Qxh1+ 34.Ka2 Rc6 
35.Rxg6 1-0

[Event "22nd EUR-ch (w)"]
[Site "Prague CZE"]
[Date "2022.08.22"]
[Round "3.46"]
[White "Zimina, Olga"]
[Black "Sevcikova, Lucia"]
[Result "1-0"]
[WhiteElo "2340"]
[BlackElo "2058"]
[EventDate "2022.08.20"]
[PlyCount "97"]

1.d4 d5 2.Nf3 Nf6 3.g3 c5 4.Bg2 cxd4 5.O-O h6 6.b3 e6 7.Bb2 Bc5 8.Nxd4 O-O
9.c4 dxc4 10.bxc4 Qb6 11.Nb3 Rd8 12.Qc1 Be7 13.c5 Qc7 14.Na3 Bd7 15.Nc4 
Bc6 16.Be5 Qd7 17.Rd1 Qxd1+ 18.Qxd1 Rxd1+ 19.Rxd1 Bxg2 20.Kxg2 Nbd7 21.Bd6
Kf8 22.Bxe7+ Kxe7 23.Nd6 Rb8 24.e4 Ne5 25.Na5 Nc6 26.Ndxb7 Nxa5 27.Nxa5 
Rc8 28.c6 Rc7 29.f3 e5 30.Kf2 Ne8 31.Rd5 f6 32.f4 Ke6 33.Nb7 Ke7 34.Na5 
Ke6 35.Ke3 Nd6 36.Rc5 exf4+ 37.gxf4 g5 38.f5+ Ke7 39.Kd4 Nf7 40.Nc4 g4 41.
Ne3 Ne5 42.Nd5+ Kd6 43.Nxc7 Nf3+ 44.Kc4 Kxc7 45.Kd5 Nxh2 46.Rb5 g3 47.Rb7+
Kc8 48.Rg7 Nf1 49.Kd6 1-0

[Event "22nd EUR-ch (w)"]
[Site "Prague CZE"]
[Date "2022.08.22"]
[Round "3.47"]
[White "Schulze, Lara"]
[Black "Froewis, Annika"]
[Result "1-0"]
[WhiteElo "2297"]
[BlackElo "2044"]
[EventDate "2022.08.20"]
[PlyCount "55"]

1.e4 c5 2.Nf3 d6 3.Bb5+ Bd7 4.c4 g6 5.d4 cxd4 6.Qxd4 Nf6 7.Nc3 Bg7 8.O-O 
O-O 9.Bxd7 Nfxd7 10.Qe3 Nc6 11.Bd2 Nde5 12.Nxe5 Nxe5 13.b3 a6 14.h3 Nc6 
15.Rac1 Nd4 16.Rfd1 b5 17.Be1 e5 18.Nd5 f5 19.f3 Rf7 20.b4 bxc4 21.Rxc4 
Qf8 22.Bd2 Bf6 23.Rdc1 Rb8 24.Qd3 fxe4 25.Qxe4 Ne6 26.Rc6 Bg5 27.Bxg5 Nxg5
28.Qg4 1-0

[Event "22nd EUR-ch (w)"]
[Site "Prague CZE"]
[Date "2022.08.22"]
[Round "3.48"]
[White "Butenandt, Svenja"]
[Black "Van Foreest, Machteld"]
[Result "1/2-1/2"]
[WhiteElo "2032"]
[BlackElo "2235"]
[EventDate "2022.08.20"]
[PlyCount "142"]

1.d4 Nf6 2.c4 e6 3.Nc3 Bb4 4.e3 O-O 5.Ne2 c6 6.a3 Ba5 7.c5 d6 8.b4 Bc7 9.
cxd6 Qxd6 10.Ng3 Qe7 11.Bd3 Rd8 12.O-O Nbd7 13.Qc2 Nf8 14.Bb2 b6 15.Nce4 
Nxe4 16.Bxe4 Bb7 17.Bxc6 Bxg3 18.hxg3 Rac8 19.b5 Rd6 20.a4 Bxc6 21.bxc6 
Rdxc6 22.Qe4 Rc4 23.a5 bxa5 24.Ba3 Qc7 25.Rfb1 Nd7 26.Rb7 Nf6 27.Qf3 Qd8 
28.Rxa7 h5 29.Bc5 Rb8 30.Qf4 Qe8 31.R7xa5 Nd7 32.Qf3 g6 33.Bd6 Rbc8 34.Ra7
R4c6 35.Bc5 Nxc5 36.dxc5 Rxc5 37.Qb7 Rb8 38.Qxb8 Qxb8 39.Ra8 Rc1+ 40.Kh2 
Qxa8 41.Rxa8+ Kg7 42.Ra4 Rf1 43.f3 Re1 44.Ra3 g5 45.g4 hxg4 46.fxg4 Rf1 
47.Kg3 Kf6 48.Ra5 e5 49.Ra6+ Ke7 50.Rb6 Kd7 51.Ra6 Kc7 52.Kh2 Kb7 53.Rd6 
Kc7 54.Ra6 Kd7 55.Kg3 Ke7 56.Rc6 Rb1 57.Ra6 Rb4 58.Rc6 e4 59.Ra6 Rc4 60.
Rb6 Ra4 61.Rc6 Ra5 62.Rb6 Rd5 63.Rb4 Re5 64.Rb6 Re6 65.Rb5 f6 66.Kf2 Ra6 
67.Rb4 Re6 68.Rb5 Kd6 69.Ke2 Kc6 70.Ra5 Kb6 71.Rd5 Kc6 1/2-1/2

[Event "22nd EUR-ch (w)"]
[Site "Prague CZE"]
[Date "2022.08.22"]
[Round "3.49"]
[White "Paramzina, Anastasya"]
[Black "Sochorova, Petra"]
[Result "1-0"]
[WhiteElo "2216"]
[BlackElo "2019"]
[EventDate "2022.08.20"]
[PlyCount "81"]

1.e4 e5 2.Nf3 Nc6 3.Bc4 Nf6 4.d3 h6 5.O-O d6 6.a4 g5 7.a5 a6 8.c3 Bg7 9.
Nbd2 O-O 10.h3 Ne7 11.Re1 Ng6 12.Nf1 d5 13.exd5 Nxd5 14.d4 Ndf4 15.dxe5 
Qxd1 16.Rxd1 Nxe5 17.Nxe5 Bxe5 18.Ne3 Be6 19.g3 Ng6 20.Bxe6 fxe6 21.Re1 
Bg7 22.Nc4 Rfe8 23.Ra3 Bf8 24.Rb3 Rab8 25.Be3 c5 26.Rd1 Kf7 27.Rd7+ Re7 
28.Nd6+ Kf6 29.Ne4+ Kf5 30.Nxc5 Ne5 31.g4+ Kg6 32.Rxe7 Bxe7 33.Nxa6 Ra8 
34.Rxb7 Bd8 35.Nc5 Nc4 36.b4 Bf6 37.Na4 Be5 38.Rb5 Kf6 39.Nb6 Nxb6 40.axb6
Ra1+ 41.Kg2 1-0

[Event "22nd EUR-ch (w)"]
[Site "Prague CZE"]
[Date "2022.08.22"]
[Round "3.50"]
[White "Trasakova, Adela"]
[Black "Richterova, Natasa"]
[Result "0-1"]
[WhiteElo "1862"]
[BlackElo "2215"]
[EventDate "2022.08.20"]
[PlyCount "110"]

1.d4 Nf6 2.Nf3 e6 3.g3 b5 4.Bg2 Bb7 5.O-O c5 6.Bg5 Qb6 7.Nbd2 Be7 8.c4 
cxd4 9.cxb5 d5 10.Nb3 Qxb5 11.Nbxd4 Qa6 12.b4 O-O 13.b5 Qa3 14.Bc1 Qc3 15.
Bd2 Qa3 16.Bc1 Qa5 17.a4 a6 18.Bd2 Qd8 19.Ne5 Nfd7 20.Nc4 axb5 21.axb5 
Rxa1 22.Qxa1 dxc4 23.Bxb7 Qb6 24.Bg2 Bf6 25.Bc3 e5 26.Nc6 Qxb5 27.Rb1 Qa6 
28.Na5 Qe6 29.Rb5 e4 30.Bxf6 Nxf6 31.Re5 Qc8 32.Bxe4 Nbd7 33.Bf5 Qc7 34.
Bxd7 Nxd7 35.Re7 c3 36.Nb3 Qd6 37.Re3 c2 38.Rd3 Qb4 39.Qc1 Nc5 40.Nxc5 
Qxc5 41.Rd2 Rc8 42.e3 Qc4 43.f3 Qb3 44.Rf2 h6 45.h4 Qd3 46.Kg2 Qd1 47.Rf1 
Rd8 48.h5 Rd2+ 49.Kh3 Qe2 50.e4 Qxf1+ 51.Qxf1 Rd1 52.Qb5 c1=Q 53.Qe8+ Kh7 
54.Qxf7 Rh1+ 55.Kg4 Qg5# 0-1

[Event "22nd EUR-ch (w)"]
[Site "Prague CZE"]
[Date "2022.08.22"]
[Round "3.51"]
[White "Pavlidou, Ekaterini"]
[Black "Katter, Katharina"]
[Result "1-0"]
[WhiteElo "2158"]
[BlackElo "1960"]
[EventDate "2022.08.20"]
[PlyCount "63"]

1.d4 Nf6 2.c4 g6 3.Nc3 Bg7 4.e4 d6 5.h3 O-O 6.Be3 e5 7.d5 a5 8.g4 Na6 9.
Nge2 Nc5 10.Ng3 c6 11.Be2 cxd5 12.cxd5 Bd7 13.Qd2 Rb8 14.f3 b5 15.h4 b4 
16.Nd1 Ne8 17.h5 Qe7 18.Nf2 a4 19.Nd3 Nxd3+ 20.Bxd3 Nc7 21.Rc1 Nb5 22.Bxb5
Bxb5 23.Kf2 Rfc8 24.Qxb4 Bc4 25.Qxa4 Rxb2+ 26.Kg1 Qc7 27.Rh2 Rxh2 28.Kxh2 
Bf6 29.Nf1 Bd8 30.Nd2 Qe7 31.Rxc4 Qh4+ 32.Kg2 1-0

[Event "22nd EUR-ch (w)"]
[Site "Prague CZE"]
[Date "2022.08.22"]
[Round "3.52"]
[White "Lach, Aleksandra"]
[Black "Kochavi, Dana"]
[Result "1-0"]
[WhiteElo "2152"]
[BlackElo "1894"]
[EventDate "2022.08.20"]
[PlyCount "47"]

1.e4 c6 2.Nc3 d5 3.Qf3 d4 4.Bc4 e6 5.Nce2 c5 6.d3 Nc6 7.Qg3 g6 8.Bd2 Bg7 
9.f4 a6 10.a4 Qb6 11.Nf3 Nb4 12.O-O Nxc2 13.a5 Qd8 14.Rac1 Nb4 15.Bxb4 
cxb4 16.f5 Nf6 17.fxe6 Bxe6 18.Bxe6 fxe6 19.Nfxd4 O-O 20.Nxe6 Qxa5 21.Nxf8
Rxf8 22.e5 Nd7 23.Rxf8+ Bxf8 24.d4 1-0

[Event "22nd EUR-ch (w)"]
[Site "Prague CZE"]
[Date "2022.08.22"]
[Round "3.53"]
[White "Bashylina, Luisa"]
[Black "Ibrahimova, Sabina"]
[Result "0-1"]
[WhiteElo "2018"]
[BlackElo "2146"]
[EventDate "2022.08.20"]
[PlyCount "100"]

1.d4 Nf6 2.c4 c5 3.d5 b5 4.cxb5 a6 5.e3 g6 6.Nc3 Bg7 7.a4 O-O 8.e4 d6 9.
Nf3 axb5 10.Bxb5 Ba6 11.Bd2 Nbd7 12.O-O Qa5 13.Ra3 Bxb5 14.Nxb5 Qb6 15.Qe2
Rfb8 16.h3 Qb7 17.b3 Qa6 18.Bc1 Ne8 19.Qc2 Nb6 20.Nd2 Qc8 21.Nc4 Nc7 22.
Nxb6 Rxb6 23.Nxc7 Qxc7 24.Bd2 Qb7 25.a5 Rb5 26.Rb1 h5 27.Qc4 Kh7 28.g3 Bf6
29.Kg2 Qd7 30.f4 e6 31.Rd1 Rc8 32.Ra2 exd5 33.exd5 Bd4 34.Re1 h4 35.g4 
Rcb8 36.b4 Bf6 37.a6 cxb4 38.Qb3 Bd4 39.Be3 Qa7 40.Ra4 Bxe3 41.Rxe3 Rc5 
42.Ra1 Rbc8 43.Qxb4 Rc2+ 44.Kf3 Rh2 45.Qb7 Rxh3+ 46.Kg2 Rc2+ 47.Kxh3 Qxe3+
48.Kxh4 Qxf4 49.Rh1 Rg2 50.Qd7 Qh6# 0-1

[Event "22nd EUR-ch (w)"]
[Site "Prague CZE"]
[Date "2022.08.22"]
[Round "3.54"]
[White "Orian, Noga"]
[Black "Bulmaga, Irina"]
[Result "0-1"]
[WhiteElo "1855"]
[BlackElo "2403"]
[EventDate "2022.08.20"]
[PlyCount "74"]

1.d4 Nf6 2.c4 e6 3.Nf3 b6 4.a3 Bb7 5.Nc3 d5 6.cxd5 Nxd5 7.e3 Be7 8.Bb5+ c6
9.Bd3 O-O 10.e4 Nxc3 11.bxc3 c5 12.O-O Nd7 13.Bf4 Nf6 14.Qe2 Rc8 15.Rfe1 
Re8 16.a4 h6 17.h3 cxd4 18.cxd4 Bb4 19.Red1 Qe7 20.Bc1 Red8 21.Bb2 Nh5 22.
g3 Bc3 23.Bxc3 Rxc3 24.a5 Qc7 25.axb6 axb6 26.Kh2 Nf6 27.Re1 b5 28.Rab1 
Qe7 29.Rec1 Rxd3 30.Qxd3 Bxe4 31.Qe2 Bxb1 32.Rxb1 b4 33.Qb5 Nd5 34.Ne5 Rc8
35.Nd3 Qf6 36.Qb7 Rc3 37.Qa8+ Kh7 0-1

[Event "22nd EUR-ch (w)"]
[Site "Prague CZE"]
[Date "2022.08.22"]
[Round "3.55"]
[White "Head, Louise"]
[Black "Gaboian, Susanna"]
[Result "0-1"]
[WhiteElo "2024"]
[BlackElo "2270"]
[EventDate "2022.08.20"]
[PlyCount "106"]

1.d4 Nf6 2.c4 c5 3.d5 b5 4.cxb5 a6 5.b6 e6 6.Nc3 Nxd5 7.Nxd5 exd5 8.Qxd5 
Nc6 9.e4 Be7 10.Bc4 O-O 11.Nf3 Rb8 12.O-O Rxb6 13.Bf4 Rxb2 14.Bb3 Nb4 15.
Qd1 Bb7 16.e5 Be4 17.Ne1 Bf5 18.Bd2 d5 19.Bc3 Rxb3 20.axb3 a5 21.Ra4 Bd7 
22.Ra3 Bb5 23.Qa1 d4 24.Bd2 Bxf1 25.Kxf1 Qd5 26.Qd1 Qxe5 27.Rxa5 Qxh2 28.
Bxb4 cxb4 29.Rh5 Qd6 30.Qd3 g6 31.Rh3 Rc8 32.Qb5 Rc1 33.Qe2 Bg5 34.Rf3 Kg7
35.g3 Qd5 36.Kg2 Rc3 37.Qd1 Bf6 38.Kg1 h5 39.Rd3 Qg5 40.Nf3 Qc5 41.Kg2 Qd5
42.Kh2 Qe4 43.Ne1 h4 44.Rf3 hxg3+ 45.fxg3 Bg5 46.Rf2 Rc1 47.Qf3 Rxe1 48.
Qxf7+ Kh6 49.Qf8+ Kh5 50.Qh8+ Bh6 51.Rf5+ gxf5 52.g4+ fxg4 53.Qf6 Bf4+ 0-1

[Event "22nd EUR-ch (w)"]
[Site "Prague CZE"]
[Date "2022.08.22"]
[Round "3.56"]
[White "Sedina, Elena"]
[Black "Acarbay, Algi"]
[Result "1-0"]
[WhiteElo "2213"]
[BlackElo "1951"]
[EventDate "2022.08.20"]
[PlyCount "157"]

1.e4 c5 2.Nf3 d6 3.c3 Nf6 4.Be2 g6 5.O-O Bg7 6.Bb5+ Nbd7 7.Re1 O-O 8.d4 a6
9.Bf1 e5 10.dxe5 Nxe5 11.Nbd2 Be6 12.Ng5 Bg4 13.f3 h6 14.fxg4 hxg5 15.h3 
Re8 16.Nf3 Nxf3+ 17.gxf3 Nh7 18.Be3 Be5 19.Bc4 Qf6 20.Rf1 Kg7 21.Kg2 Rh8 
22.Rh1 Nf8 23.Bd5 Rb8 24.h4 Bf4 25.hxg5 Qxg5 26.Rxh8 Kxh8 27.Bf2 Kg7 28.
Qh1 Nd7 29.Qh4 Qe5 30.Rh1 Nf6 31.Bg3 Nxd5 32.exd5 Qe2+ 33.Bf2 Qd2 34.Qh7+ 
Kf6 35.Re1 Be5 36.Qh4+ Kg7 37.Rh1 Kf8 38.Qh6+ Qxh6 39.Rxh6 Re8 40.Kf1 Kg7 
41.Rh3 Bf4 42.Bg1 b5 43.b3 a5 44.a3 a4 45.b4 cxb4 46.cxb4 Rc8 47.Bd4+ f6 
48.Ke2 Rc2+ 49.Kd3 Ra2 50.Ke4 g5 51.Kf5 Be5 52.Bxe5 fxe5 53.Kxg5 Rxa3 54.
Rh6 Rb3 55.Rxd6 Rxb4 56.Rd7+ Kf8 57.Kf6 Rf4+ 58.Kxe5 Rxf3 59.Rb7 Re3+ 60.
Kf6 Rf3+ 61.Ke6 Re3+ 62.Kd6 Rb3 63.Ke6 b4 64.d6 Re3+ 65.Kf6 Rf3+ 66.Ke6 
Re3+ 67.Kf6 Rf3+ 68.Kg6 Ke8 69.Rxb4 a3 70.Ra4 Kd7 71.Ra6 Rd3 72.Kh5 Rh3+ 
73.Kg5 Rd3 74.Kh4 Rxd6 75.Rxa3 Ke6 76.Rf3 Rd7 77.Kh5 Rf7 78.Rxf7 Kxf7 79.
Kh6 1-0